Control (Record no. 253260)

MARC details
000 -LEADER
fixed length control field 00429nam a2200181Ia 4500
008 - FIXED-LENGTH DATA ELEMENTS--GENERAL INFORMATION
fixed length control field 191130s2010##################000#0#eng##
020 ## - INTERNATIONAL STANDARD BOOK NUMBER
ISBN 9780593061459
Paper back/Hardbound pbk
041 ## - LANGUAGE CODE
Language code of text/sound track or separate title eng
082 ## - DEWEY DECIMAL CLASSIFICATION NUMBER
Classification number 823.92 MAC
100 ## - MAIN ENTRY--AUTHOR NAME
Personal name Macken, John
245 ## - TITLE STATEMENT
Title Control
Statement of responsibility, etc by John Macken
250 ## - EDITION STATEMENT
Edition statement 1st ed
260 ## - PUBLICATION, DISTRIBUTION, ETC. (IMPRINT)
Place of publication London
Name of publisher Bantam
Year of publication 2010
300 ## - PHYSICAL DESCRIPTION
Number of Pages 314 p. ; 24 cm
650 ## - SUBJECT ADDED ENTRY--TOPICAL TERM
Topical Term Fiction
942 ## - ADDED ENTRY ELEMENTS (KOHA)
Koha item type English Books
Holdings
Withdrawn status Lost status Damaged status Not for loan Home library Current library Shelving location Date acquired Full call number Accession Number Price effective from Koha item type
        Anna Centenary Library Anna Centenary Library 4TH FLOOR, B WING 13.10.2020 823.92 MAC 342194 13.10.2020 English Books

Find us on the map